000 00567nam a22001697a 4500
005 20160922154737.0
010 _aENG-116084
020 _a9788123018683
_c90.00
035 _aEN-99616
037 _bDBAD/PUB
082 _a809.2
245 _aAestheticians :
_bcultural leaders of India /
260 _aNew Delhi
_bPublication Division
_c2013
270 _aMinistory of Information and Boardcasting Government Of India,Soochna Bhawan,CGO Complex,Lodhi Road
_bNew Delhi
_e110003
300 _avii,122p.
_c22cm(pbk)
942 _2ddc
_cEN
_h616.89
_mAES
999 _c103581
_d103581